Statystyki dla Opał oczy szeroko zamknięte

Kliknij tutaj aby rozwiązać quiz!

Ogólne statystyki

  • Ten quiz został rozwiązany 56 razy
  • Średni wynik to 11 z 14

Statystyki odpowiedzi

feat.Odpowiedź% Poprawnych
oczy szeroko zamknięte
94%
GibbsAlicja w krainie dziwów
84%
Szymi szymsDrop
81%
Floral BugsBad drip
78%
lek na nieśmiertelność
78%
Nieoddana zapalniczka
78%
SilesOmen
78%
Ver,Kadraj,DezyVoodoo Kartel
78%
JetlagzWizzAir
78%
Przyłudziura
75%
bullet time
72%
Split Screen
72%
Rytuwow
66%
Houston mamy problem
63%

Rozkład punktacji

Percentyl według liczby udzielonych odpowiedzi

Procent ludzi z każdym wynikiem

Twoja historia wyników

Nie rozwiązałeś tego quizu